000 00900nas a2200289 4500
001 BR9501332
003 BR-BrBNA
005 20231205093928.0
007 ta
008 230509b bl.|||p| |||| 00| 00por d
040 _aBR-BrBNA
_bpor
_cBiblioteca Nacional de Agricultura
041 _a(Pt)
072 _aH20
100 1 _aLaranjeira, D.
100 1 _aSantos, E.O. dos
100 1 _aMariano, R. de L.R.
100 1 _aBarros, S.T.
245 1 _aOcorrencia da Prodridao negra da negra da maniva da mandioca (Manihot esculenta)causada por Scytalidium lignicola no Estado de Pernambuco, Brasil
650 _aMandioca
650 _aManiva
650 _aRaiz
650 _aPodridao Negra
650 _aFungo
773 0 _tFitopatologia Brasileira (Brazil)
_xISSN 0100-4158
_g(Sep 1994), v. 19(3) p. 466-469
_wBR9501332
909 _a202311
_bLúcia
_c55
_dLúcia Elande
942 _2AGRIS
_n0
_cANA
999 _c141148
_d141148